[Event "Mechanics' Winter TNM; 30/90, SD/30"]
[Site "San Francisco"]
[Date "2014.02.25"]
[Round "8.20"]
[White "Starr, Albert"]
[Black "Palmeri, Ralph"]
[Result "0-1"]
[WhiteElo "1570"]
[BlackElo "1716"]
[PlyCount "136"]
[EventDate "2014.??.??"]

1. b4 Nf6 2. Bb2 e6 3. b5 d5 4. e3 c5 5. c4 Be7 6. Be2 O-O 7. d3 a6 8. a4 axb5
9. axb5 Rxa1 10. Bxa1 d4 11. exd4 cxd4 12. Nf3 Bc5 13. O-O Qd6 14. Nbd2 e5 15.
Re1 Re8 16. Bf1 Bb4 17. h3 Nbd7 18. Ng5 Nc5 19. f3 Bf5 20. Nge4 Bxe4 21. fxe4
Ne6 22. Re2 Nh5 23. Rf2 Nef4 24. Qf3 Nf6 25. g3 Ne6 26. Bg2 Ra8 27. Nb3 Nc5 28.
Bxd4 Nxb3 29. Be3 Qxd3 30. Bg5 Qxf3 31. Rxf3 Nd4 32. Rf1 Nd7 33. Rd1 f6 34. Be3
Bc5 35. Kf2 Ra2+ 36. Rd2 Rxd2+ 37. Bxd2 Nxb5+ 38. Ke2 Nd4+ 39. Kd3 Kf7 40. g4
Nb6 41. Bf1 Ke7 42. Bc1 Kd7 43. Kd2 Kc6 44. Bd3 Bb4+ 45. Ke3 Kc5 46. h4 Nxc4+
47. Kf2 h6 48. g5 hxg5 49. hxg5 b5 50. gxf6 gxf6 51. Bh6 Kc6 52. Bg7 Be7 53.
Ke1 Nd6 54. Kd1 b4 55. Kc1 Nb3+ 56. Kc2 Nc5 57. Bf1 Ndxe4 58. Bg2 Kd5 59. Bh6
Kd4 60. Bc1 b3+ 61. Kb1 Nc3+ 62. Ka1 Kd3 63. Bb2 N5a4 64. Bf1+ Kc2 65. Bc4 Nxb2
66. Bxb3+ Kc1 67. Bc2 Nc4 68. Bd3 Ba3 0-1

[Event "Mechanics' Fall TNM; 30/90, SD/30"]
[Site "San Francisco"]
[Date "2014.12.09"]
[Round "7.34"]
[White "Starr, Albert"]
[Black "Paquette, James"]
[Result "1/2-1/2"]
[WhiteElo "1517"]
[BlackElo "1272"]
[PlyCount "53"]
[EventDate "2014.??.??"]

1. b4 d5 2. e3 Nf6 3. Bb2 Bf5 4. Nf3 e6 5. b5 Nbd7 6. Be2 Bd6 7. O-O O-O 8. d3
Qe7 9. Nbd2 a6 10. a4 axb5 11. axb5 Rxa1 12. Qxa1 Rb8 13. Nb3 Qe8 14. Bd4 e5
15. Bc3 Ra8 16. Qb2 Ba3 17. Qb1 Ra4 18. Bb2 Bxb2 19. Qxb2 Rb4 20. c4 Nc5 21.
Qa3 Rxb3 22. Qxc5 Bxd3 23. Bxd3 Rxd3 24. cxd5 Rxd5 25. Qxc7 Rxb5 26. Rc1 h6 27.
g3 {Both scores don't play from this point onwards.} 1/2-1/2

[Event "Mechanics' Fall TNM; 30/90, SD/30"]
[Site "San Francisco"]
[Date "2014.12.16"]
[Round "8.29"]
[White "Starr, Albert"]
[Black "Poler, Sebastian"]
[Result "1-0"]
[WhiteElo "1517"]
[BlackElo "1391"]
[Annotator "Donaldson"]
[PlyCount "71"]
[EventDate "2014.??.??"]

1. b4 e5 2. Bb2 Bxb4 3. Bxe5 Nf6 4. c4 Nc6 5. Bc3 a5 6. e3 O-O 7. a3 Bxc3 8.
Nxc3 d5 9. d4 Re8 10. c5 Bf5 11. Bb5 Re6 12. Bxc6 Rxc6 13. Nge2 b6 14. cxb6
Rxb6 15. O-O Qd6 16. Nf4 g5 17. Nh5 c6 18. h3 Rab8 19. Na4 Rb5 20. Nc5 Ne4 21.
Nxe4 Bxe4 22. Qg4 h6 23. Ng3 Bd3 24. Rfc1 Rb2 25. Qf3 Rd2 26. Nf1 Be4 27. Qg4
Rc2 28. Rxc2 f5 $4 (28... Bxc2 {only leaves White with a small advantage.}) 29.
Qe2 Bxc2 30. Qxc2 f4 31. a4 fxe3 32. Nxe3 Qf6 33. Qc5 Rb4 34. Qxa5 Rxd4 35. Rd1
Rf4 36. Ng4 1-0

[Event "Mechanics' Winter TNM; 30/90, SD/30"]
[Site "San Francisco"]
[Date "2014.02.18"]
[Round "7.27"]
[White "Starr, Albert"]
[Black "Schlosberg, Max"]
[Result "1-0"]
[WhiteElo "1570"]
[BlackElo "1267"]
[PlyCount "125"]
[EventDate "2014.??.??"]

1. b4 e5 2. Bb2 d6 (2... f6 3. e4 Bxb4 4. f4) 3. e3 g6 4. d3 Bg7 5. Nf3 Ne7 6.
Be2 O-O 7. O-O a5 8. b5 c6 9. c4 Qb6 10. a4 f6 11. Nbd2 d5 12. Ba3 Re8 13. c5
Qd8 14. b6 Be6 15. Nb3 f5 16. d4 Nd7 17. Bb2 e4 18. Ng5 Nc8 19. Nxe6 Rxe6 20.
Qd2 Ne7 21. Nxa5 Qb8 (21... Nxc5 $2 22. dxc5 Bxb2 23. Qxb2 (23. Nxb7 Qb8 24.
Qxb2 Qxb7 25. a5) 23... Rxa5) 22. Nb3 Rf6 23. g3 Bh6 24. a5 Qc8 (24... g5) 25.
Ra3 Nb8 26. f4 exf3 27. Rxf3 Re6 28. Nc1 Re4 29. Bd3 Re6 30. Ne2 Qe8 31. Nf4
Rf6 32. Qf2 Na6 33. Bxa6 Rxa6 34. Nd3 Qa8 35. Bc3 Qb8 36. Ne5 Qa8 $2 (36... Re6
) 37. Ng4 Bg5 38. Nxf6+ (38. h4 fxg4 39. Rxf6 Bxf6 40. Qxf6 Nf5 41. e4) 38...
Bxf6 39. g4 Bg5 40. gxf5 Nxf5 41. Bd2 Bh4 42. Qg2 Qc8 43. Qg4 Ra8 (43... Be7)
44. Ra1 Kh8 45. Raf1 Qe6 46. Rxf5 gxf5 47. Qxh4 Rg8+ 48. Kf2 Rg4 49. Qh3 Qe4
50. Rg1 Qc2 51. Rxg4 Qxd2+ 52. Kf3 Qd1+ 53. Kf4 fxg4 54. Qxg4 Qf1+ 55. Ke5 Qf8
56. Qe6 h5 57. Qf6+ Qxf6+ 58. Kxf6 h4 59. a6 bxa6 60. b7 h3 61. b8=Q+ Kh7 62.
Qf8 a5 63. Qg7# 1-0

[Event "Mechanics' Whitehead TNM; 30/90, SD/30"]
[Site "San Francisco"]
[Date "2014.09.09"]
[Round "6.26"]
[White "Starr, Albert"]
[Black "Yamamoto, Craig"]
[Result "1-0"]
[WhiteElo "1523"]
[BlackElo "1593"]
[PlyCount "71"]
[EventDate "2014.??.??"]

1. b4 b5 2. a4 bxa4 3. Rxa4 Bb7 4. Bb2 Bc6 5. Ra1 e6 6. e3 Nf6 7. b5 Bb7 8. Nf3
Be7 9. Be2 d5 10. O-O O-O 11. d3 c6 12. c4 cxb5 13. cxb5 a6 14. bxa6 Nxa6 15.
Nbd2 Nc5 16. Ne5 Ncd7 17. Bf3 Nxe5 18. Bxe5 Nd7 19. Bc3 Bf6 20. Rxa8 Bxa8 21.
Bb4 Be7 22. Bc3 Bf6 23. Qa1 e5 24. g3 Bc6 25. Rc1 Qa8 26. Bb4 Re8 27. Bg4 h6
28. Bc3 Qxa1 29. Bxa1 Bb5 30. Bxd7 Bxd7 31. Rc5 Bf5 32. Rxd5 Be6 33. Ra5 Bf5
34. e4 Bc8 35. Nf3 Bg4 36. Nxe5 {
and White went on to win - scoresheets don't play from this point forward.} 1-0

[Event "Mechanics' Fall TNM; 30/90, SD/30"]
[Site "San Francisco"]
[Date "2014.10.21"]
[Round "1.6"]
[White "Stearman, Josiah"]
[Black "Chandrasekaran, Siddarth"]
[Result "1-0"]
[WhiteElo "2185"]
[BlackElo "1627"]
[PlyCount "41"]
[EventDate "2014.??.??"]

1. e4 e5 2. Nf3 Nc6 3. Bb5 d6 4. d4 Bd7 5. O-O Nxd4 6. Nxd4 exd4 7. Bxd7+ Qxd7
8. Qxd4 Ne7 9. Nc3 Nc6 10. Qa4 Be7 11. Nd5 O-O 12. Be3 a6 13. c4 b5 14. cxb5
Ne5 15. Nxe7+ Qxe7 16. bxa6 Qh4 17. h3 f5 18. f4 Qg3 19. Qb3+ Nf7 20. Rf3 Qg6
21. Bd4 1-0

[Event "Mechanics' Fall TNM; 30/90, SD/30"]
[Site "San Francisco"]
[Date "2014.11.25"]
[Round "5.3"]
[White "Stearman, Josiah"]
[Black "Doyle, Bryon"]
[Result "0-1"]
[WhiteElo "2185"]
[BlackElo "2099"]
[Annotator "Donaldson"]
[PlyCount "88"]
[EventDate "2014.??.??"]

1. e4 e5 2. Nf3 Nc6 3. Bb5 a6 4. Ba4 Nf6 5. O-O Be7 6. Re1 b5 7. Bb3 O-O 8. c3
d5 9. exd5 Nxd5 10. Nxe5 Nxe5 11. Rxe5 c6 12. d4 Bd6 13. Re1 Qh4 14. g3 Qh3 15.
Be3 Bg4 16. Qd3 Rae8 17. Nd2 Re6 18. Qf1 Qh5 19. Bd1 (19. a4 {
is the traditional treatment but}) (19. f3 {is the modern main line.}) 19... f5
20. Bxg4 fxg4 21. Qd3 Nxe3 22. Rxe3 Rxf2 {Objectively this move leads to a
draw with best play but Black's practical chances are excellent.} 23. Kxf2
Qxh2+ 24. Ke1 Qxg3+ 25. Ke2 Qg2+ 26. Ke1 Bg3+ 27. Kd1 Qg1+ 28. Nf1 Rxe3 29.
Qxe3 Qxf1+ 30. Kc2 Qf2+ (30... Qxa1 $4 31. Qe8#) 31. Qxf2 Bxf2 32. Kd2 g3 33.
Ke2 h5 34. a4 $6 (34. d5 cxd5 35. Rd1 {activating the rook was stronger.})
34... h4 35. axb5 axb5 36. Kf3 $2 g5 37. Ra8+ Kg7 38. Re8 h3 39. Re4 Kf6 40. b3
Kf5 41. Re5+ Kf6 42. Re4 Kg6 43. Re6+ Kf7 44. Re5 g4+ 0-1

[Event "Mechanics' Fall TNM; 30/90, SD/30"]
[Site "San Francisco"]
[Date "2014.11.04"]
[Round "3.9"]
[White "Stearman, Josiah"]
[Black "Drane, Robert"]
[Result "1-0"]
[WhiteElo "2185"]
[BlackElo "1869"]
[PlyCount "108"]
[EventDate "2014.??.??"]

1. e4 e6 2. d3 d5 3. Qe2 Ne7 4. Nf3 c5 5. g3 g6 6. Bg2 Bg7 7. e5 Nbc6 8. O-O
Qc7 9. Bf4 g5 10. Bxg5 Nxe5 11. Nc3 N7g6 12. h4 h6 13. Bd2 Bd7 14. h5 Ne7 15.
Rfe1 Nxf3+ 16. Qxf3 d4 17. Ne2 Bc6 18. Qg4 Rg8 19. Bxc6+ Qxc6 20. Qe4 Qxe4 21.
dxe4 Nc6 22. Nc1 Ne5 23. Rd1 Nc4 24. Nd3 Rc8 25. Bc1 Ke7 26. Kg2 Nd6 27. f3 e5
28. Nf2 f5 29. exf5 Nxf5 30. Ne4 Nd6 31. Re1 Nxe4 32. Rxe4 Kd6 33. Bd2 Bf6 34.
Rae1 Rce8 35. f4 Kd5 36. f5 Bg5 37. Bxg5 Rxg5 38. g4 b5 39. Kf3 c4 40. a3 a5
41. b3 c3 42. R4e2 Re7 43. Re4 Re8 44. Kg3 Re7 45. R1e2 Re8 46. a4 b4 47. Re1
Re7 48. Kh4 Re8 49. Kg3 Re7 50. Kf3 Re8 51. R1e2 Re7 52. Rg2 Re8 53. Rge2 Re7
54. Rg2 Re8 1-0

[Event "Mechanics' Whitehead TNM; 30/90, SD/30"]
[Site "San Francisco"]
[Date "2014.09.02"]
[Round "5.8"]
[White "Steger, Alex"]
[Black "Cole, Tony"]
[Result "1-0"]
[WhiteElo "2029"]
[BlackElo "1400"]
[PlyCount "65"]
[EventDate "2014.??.??"]

1. d4 d5 2. c4 Nf6 3. cxd5 Nxd5 4. Nf3 Bf5 5. Qb3 Nb6 6. Nc3 Na6 7. e4 Be6 8.
d5 Bd7 9. Be3 e6 10. Rd1 Bb4 11. Bxa6 Bxc3+ 12. Qxc3 bxa6 13. dxe6 fxe6 14.
Bxb6 axb6 15. Qxg7 Rf8 16. Ne5 Qe7 17. Qxe7+ Kxe7 18. Rxd7+ Kf6 19. f4 h5 20.
Ke2 c5 21. g4 hxg4 22. Rg1 Rad8 23. Rxg4 Rxd7 24. Nxd7+ Ke7 25. Nxf8 Kxf8 26.
h4 b5 27. h5 a5 28. h6 a4 29. h7 c4 30. h8=Q+ Ke7 31. e5 Kd7 32. Qb8 Kc6 33.
Qd6+ 1-0

[Event "Mechanics' Whitehead TNM; 30/90, SD/30"]
[Site "San Francisco"]
[Date "2014.08.05"]
[Round "1.12"]
[White "Steger, Alex"]
[Black "McKellar, Daniel"]
[Result "1-0"]
[WhiteElo "2029"]
[BlackElo "1504"]
[PlyCount "117"]
[EventDate "2014.??.??"]

1. d4 d5 2. c4 c6 3. Nf3 Nf6 4. e3 e6 5. b3 Nbd7 6. Bb2 Bb4+ 7. Nbd2 Ne4 8. a3
Nxd2 9. Nxd2 Bd6 10. Be2 O-O 11. O-O e5 12. cxd5 cxd5 13. dxe5 Nxe5 14. Nf3
Nxf3+ 15. Bxf3 Be6 16. Qd4 f6 17. Rfd1 Be5 18. Qd2 Bxb2 19. Qxb2 Qa5 20. b4 Qb5
21. a4 Qc6 22. b5 Qc4 23. Rd4 Qc7 24. Rad1 Qe5 25. Qd2 Rfd8 26. Bxd5 Bxd5 27.
Rxd5 Rxd5 28. Qxd5+ Qxd5 29. Rxd5 Rc8 30. g4 Rc7 31. Kg2 Kf7 32. Kf3 Ke6 33.
Rd8 h6 34. h4 Ke5 35. h5 b6 36. Ra8 Ke6 37. Re8+ Kf7 38. Re4 Rd7 39. Kf4 Rc7
40. f3 Rd7 41. Rc4 Ke6 42. e4 Ke7 43. Kf5 Kd8 44. f4 Re7 45. Rd4+ Ke8 46. e5
fxe5 47. fxe5 Rc7 48. Kg6 Re7 49. Rd5 Rc7 50. Rd4 Re7 51. Re4 Kf8 52. e6 Kg8
53. Kf5 Kf8 54. Ke5 Ke8 55. Kd6 Kd8 56. Rc4 Rb7 57. Rc6 Re7 58. Rc8+ Kxc8 59.
Kxe7 1-0

[Event "Mechanics' Whitehead TNM; 30/90, SD/30"]
[Site "San Francisco"]
[Date "2014.09.09"]
[Round "6.4"]
[White "Steger, Alex"]
[Black "Nagarajan, Pranav"]
[Result "0-1"]
[WhiteElo "2029"]
[BlackElo "2157"]
[Annotator "Donaldson"]
[PlyCount "62"]
[EventDate "2014.??.??"]

1. d4 Nf6 2. c4 e6 3. Nc3 Bb4 4. a3 Bxc3+ 5. bxc3 c5 6. e3 b6 7. Bd3 Bb7 8. f3
Nc6 9. Ne2 O-O 10. Ng3 ({Here} 10. e4 {(or 10.0-0) was more flexible. After}
Ne8 {(to avoid Bg5 and meet f4 with ...f5 or ...f6.)} 11. O-O Rc8 {
White can try} 12. Be3 {or} (12. f4)) 10... Rc8 11. e4 Ne8 (11... cxd4 12. cxd4
Nxd4 13. e5 Ne8 14. Bxh7+ Kxh7 15. Qxd4 Ba6 {was well worth considering.}) 12.
f4 Na5 13. d5 Ba6 14. Qe2 Nd6 15. e5 Ndxc4 16. d6 b5 17. O-O f5 18. exf6 Qxf6
19. Ne4 Qd8 20. Ng5 h6 21. Qh5 {The right decision.} (21. Nxe6 dxe6 22. Qxe6+
Rf7 (22... Kh8 $2 23. Qg6 Kg8 24. Qh7+ Kf7 25. Bg6+ Kf6 26. Bh5 $18) 23. Bg6
Qf6 24. Qxf7+ Qxf7 25. Bxf7+ Kxf7 {is materially equal in the short term but
greatly in Black's favor as he will quickly win White's weak d-pawn.}) 21...
Rf6 22. Bh7+ $2 (22. Nh7 {was an important alternative.} Nxd6 (22... Rf7 23. f5
{offers White a strong attack}) 23. Nxf6+ Qxf6 {
when Black has two pawns for the exchange. after} 24. Qe5 Qxe5 25. fxe5 Ndc4
26. Re1 {chances appear roughly balanced.}) 22... Kh8 23. Bg6 Nxd6 $1 24. f5
exf5 $2 (24... Qe7 $1) 25. Bf4 (25. Nh7 Re6 $2 (25... Rxg6 26. Qxg6 Qe7 27. Bg5
Qf7 (27... hxg5 $2 28. Nxg5 Kg8 29. Qh7+ Kf8 30. Qh8#) 28. Qxd6 Bb7 $11 {
Houdini 4.}) 26. Bxh6 $1) 25... Nac4 26. Rad1 Qb6 27. Rfe1 Ne4 28. Bxf5 $2 (28.
Nf7+ Kg8 29. Nxh6+ $1 gxh6 30. Bxf5) 28... Rxf5 (28... Nxg5 {was more accurate.
} 29. Re8+ Rf8 30. Rxc8 Bxc8 $19) 29. Rxe4 (29. Nf7+ Rxf7 30. Qxf7 Qf6 31. Rxd7
{offered chances to resist.}) 29... Rcf8 30. Bd6 Nxd6 31. Qg6 Rxg5 0-1

[Event "Mechanics' Whitehead TNM; 30/90, SD/30"]
[Site "San Francisco"]
[Date "2014.08.19"]
[Round "3.2"]
[White "Steger, Alex"]
[Black "Vickers, Keith"]
[Result "1-0"]
[WhiteElo "2029"]
[BlackElo "2200"]
[PlyCount "83"]
[EventDate "2014.??.??"]

1. d4 d5 2. c4 c6 3. Nc3 Nf6 4. e3 g6 5. Nf3 Bg7 6. Bd3 O-O 7. O-O Na6 8. a3 c5
9. h3 cxd4 10. exd4 dxc4 11. Bxc4 Nc7 12. Be3 Be6 13. Bxe6 Nxe6 14. Qb3 b6 15.
Rfd1 Rc8 16. Ne5 Qe8 17. Qb4 Nc7 18. Qb3 e6 19. Rac1 Nfd5 20. Ne4 Qb5 21. Qa2
Nxe3 22. Nc3 Qa6 23. fxe3 Bxe5 24. dxe5 Nb5 25. Ne4 Rxc1 26. Nf6+ Kg7 27. Rxc1
Rc8 28. Rf1 Qa4 29. b3 Qxa3 30. Qe2 Nc3 31. Qf2 Qf8 32. Qh4 h6 33. Ng4 Kh7 {
Diagram #} 34. Rxf7+ $1 Qxf7 35. Qxh6+ Kg8 36. Nf6+ Qxf6 37. exf6 Rc7 38. Qxg6+
Kf8 39. Qh6+ Kg8 40. g4 Nd5 41. g5 Nxe3 42. g6 1-0

[Event "Mechanics' Whitehead TNM; 30/90, SD/30"]
[Site "San Francisco"]
[Date "2014.09.30"]
[Round "9.7"]
[White "Steger, Alex"]
[Black "Wang, Yuan"]
[Result "0-1"]
[WhiteElo "2029"]
[BlackElo "1850"]
[Annotator "Donaldson"]
[PlyCount "62"]
[EventDate "2014.??.??"]

1. d4 Nf6 2. c4 g6 3. Nc3 d5 4. cxd5 Nxd5 5. e4 Nxc3 6. bxc3 Bg7 7. Bg5 c5 8.
Rc1 O-O 9. Nf3 Nc6 10. d5 Ne5 11. Nxe5 Bxe5 12. f4 Bg7 13. Be2 c4 14. O-O b5
15. Bf3 Qc7 16. e5 Bb7 17. Bh4 f6 18. d6 exd6 19. Bd5+ Kh8 20. Bxb7 Qxb7 21. e6
d5 22. f5 gxf5 23. Rxf5 Qb6+ 24. Qd4 Qxe6 25. Rcf1 Rae8 26. Bxf6 $4 Rxf6 27.
Rxf6 Bxf6 28. Rxf6 (28. Qxf6+ Qxf6 29. Rxf6 Re3 30. Rd6 Rxc3 31. Rxd5 a6 {
followed by ...Ra3.}) 28... Qe3+ 29. Qxe3 Rxe3 30. Rf3 Rxf3 31. gxf3 b4 0-1

[Event "Mechanics' Whitehead TNM; 30/90, SD/30"]
[Site "San Francisco"]
[Date "2014.09.23"]
[Round "8.10"]
[White "Steger, Eric"]
[Black "Chea, Na"]
[Result "1-0"]
[WhiteElo "1931"]
[BlackElo "1519"]
[PlyCount "59"]
[EventDate "2014.??.??"]

1. e4 e5 2. Nf3 Nc6 3. Bb5 a6 4. Ba4 Nf6 5. O-O Be7 6. Re1 b5 7. Bb3 d6 8. c3
Na5 9. Bc2 c5 10. h3 O-O 11. d4 Qc7 12. Nbd2 Bb7 13. Nf1 Rfd8 14. Ng3 d5 15.
Nxe5 dxe4 16. Nxe4 Rac8 17. Nxf7 Rd5 18. Ne5 cxd4 19. Ng4 dxc3 20. Nexf6+ Bxf6
21. Nxf6+ gxf6 22. Qg4+ Kh8 23. Bf4 Qf7 24. b3 Rg8 25. Qf3 Rd2 26. Be4 Bxe4 27.
Qxe4 Qd5 28. Qxd5 Rxd5 29. Rac1 Rc8 30. Re6 {Black lost on time.} 1-0

[Event "Mechanics' Fall TNM; 30/90, SD/30"]
[Site "San Francisco"]
[Date "2014.11.18"]
[Round "4.17"]
[White "Steger, Eric"]
[Black "Cohee, James"]
[Result "1-0"]
[WhiteElo "1989"]
[BlackElo "1660"]
[PlyCount "109"]
[EventDate "2014.??.??"]

1. e4 c5 2. Nf3 e6 3. Nc3 a6 4. a4 Nc6 5. g3 d6 6. Bg2 Nf6 7. d3 Be7 8. O-O O-O
9. Re1 e5 10. Bg5 Bg4 11. Bxf6 Bxf6 12. Nd5 a5 13. h3 Be6 14. Ne3 g6 15. h4 Nd4
16. Nd2 Bg7 17. c3 Nc6 18. Kh2 Ne7 19. Bh3 Qd7 20. Bxe6 Qxe6 21. Ndc4 Rad8 22.
Nxa5 f5 23. Qb3 Qxb3 24. Nxb3 fxe4 25. Kg2 exd3 26. f3 Nf5 27. Nd5 c4 28. Nd2
Rc8 29. Ne4 h6 30. Kh3 Kh7 31. Rf1 Rc5 32. Nxc5 dxc5 33. g4 Rd8 34. gxf5 Rxd5
35. fxg6+ Kxg6 36. Rg1+ Kh7 37. Rg4 d2 38. Rd1 h5 39. Rxc4 Bh6 40. Kg2 Bf4 41.
Kf2 b6 42. Ke2 Rd6 43. Rxf4 exf4 44. Rxd2 Rg6 45. Kf2 Kh6 46. b4 cxb4 47. cxb4
Rc6 48. Ke2 Kg6 49. Rd4 Kf5 50. Rd5+ Kg6 51. Rg5+ Kh6 52. Kd3 Re6 53. Rb5 Kg6
54. Kd4 Kh6 55. Rf5 1-0

[Event "Mechanics' SummerTNM; 30/90, SD/30"]
[Site "San Francisco"]
[Date "2014.05.27"]
[Round "1.18"]
[White "Steger, Eric"]
[Black "Cole, Tony"]
[Result "1-0"]
[WhiteElo "1904"]
[BlackElo "1400"]
[PlyCount "59"]
[EventDate "2014.??.??"]

1. e4 e5 2. Nf3 Nc6 3. Bb5 Nge7 4. d4 exd4 5. Nxd4 Nxd4 6. Qxd4 c6 7. Bd3 d5 8.
O-O Be6 9. Nc3 Qd7 10. exd5 Nxd5 11. Re1 Nb6 12. Qe5 O-O-O 13. Qa5 Kb8 14. Be3
Bd6 15. Na4 Nc8 16. Rad1 Bc7 17. Qc3 c5 18. Nxc5 Qd6 19. g3 Bh3 20. Be2 Qc6 21.
Na6+ Ka8 22. Qxc6 bxc6 23. Nxc7+ Kb7 24. Na6 Rhe8 25. Nc5+ Kc7 26. Bf4+ Kb6 27.
Rxd8 Rxd8 28. Be3 Kc7 29. Rd1 h6 30. Na6+ 1-0

[Event "Mechanics' SummerTNM; 30/90, SD/30"]
[Site "San Francisco"]
[Date "2014.07.15"]
[Round "8.6"]
[White "Steger, Eric"]
[Black "Fomin, Gennadiy"]
[Result "1/2-1/2"]
[WhiteElo "1904"]
[BlackElo "2089"]
[PlyCount "88"]
[EventDate "2014.??.??"]

1. e4 d6 2. d4 Nf6 3. Nc3 c6 4. f3 Nbd7 5. Be3 Qb6 6. Qc1 e6 7. Nh3 Be7 8. Nf2
O-O 9. Nd3 d5 10. e5 Ne8 11. Ne2 c5 12. c3 Qa5 13. Qd2 a6 14. g3 Qc7 15. Bg2 b5
16. O-O Nb6 17. b3 c4 18. Nc5 Bxc5 19. dxc5 Nd7 20. b4 Nxe5 21. Bf4 f6 22. Nd4
Qe7 23. Bxe5 fxe5 24. Nc6 Qc7 25. Na5 Bd7 26. Rae1 Rd8 27. Qe3 Nf6 28. Qxe5
Qxe5 29. Rxe5 g6 30. Bh3 Kf7 31. Rfe1 d4 32. Nb7 d3 33. Nxd8+ Rxd8 34. Kf2 Nd5
35. Rxd5 exd5 36. Bxd7 Rxd7 37. Ke3 Re7+ 38. Kd2 Rd7 39. Re5 d4 40. cxd4 Rxd4
41. Re1 Rd8 42. Kc3 Kf6 43. a4 h6 44. a5 Kf5 1/2-1/2

[Event "Mechanics' Winter TNM; 30/90, SD/30"]
[Site "San Francisco"]
[Date "2014.01.21"]
[Round "3.3"]
[White "Steger, Eric"]
[Black "Grey, Peter"]
[Result "1/2-1/2"]
[WhiteElo "1937"]
[BlackElo "2000"]
[PlyCount "80"]
[EventDate "2014.??.??"]

1. e4 e5 2. Nf3 Nc6 3. Bb5 a6 4. Ba4 Nf6 5. O-O Nxe4 6. Re1 Nc5 7. Bxc6 dxc6 8.
Nxe5 Be7 9. d4 Ne6 10. c3 O-O 11. Nd2 c5 12. Nb3 cxd4 13. Nxd4 Nxd4 14. Qxd4
Qxd4 15. cxd4 Be6 16. Be3 Rad8 17. Rec1 c6 18. Nd3 Bf6 19. Ne5 Rd5 20. f4 Be7
21. a3 a5 22. Rc3 Rb5 23. Rc2 f6 24. Nf3 Bf5 25. Rd2 Be4 26. Kf2 Bxf3 27. Kxf3
f5 28. d5 cxd5 29. Rc1 Bf6 30. Rcc2 Rd8 31. Bd4 Bxd4 32. Rxd4 Rd7 33. b4 axb4
34. axb4 Kf7 35. g4 fxg4+ 36. Kxg4 Rb6 37. f5 g6 38. Rf2 Rf6 39. fxg6+ Kxg6 40.
Re2 Kf7 1/2-1/2

[Event "Mechanics' Winter TNM; 30/90, SD/30"]
[Site "San Francisco"]
[Date "2014.02.04"]
[Round "5.11"]
[White "Steger, Eric"]
[Black "Lardent, Ranen"]
[Result "1/2-1/2"]
[WhiteElo "1937"]
[BlackElo "1793"]
[PlyCount "82"]
[EventDate "2014.??.??"]

1. e4 e6 2. Nf3 d5 3. Nc3 d4 4. Ne2 c5 5. c3 Nf6 6. e5 Nd5 7. cxd4 Nb4 8. d3
Qa5 9. Nc3 cxd4 10. Nxd4 Qxe5+ 11. Be3 N8c6 12. Nf3 Qa5 13. Be2 Be7 14. O-O O-O
15. d4 Rd8 16. a3 Nd5 17. Nxd5 Qxd5 18. Qc2 Bf6 19. Rfd1 Bd7 20. Rac1 Rac8 21.
Qb1 Ne7 22. Rxc8 Rxc8 23. Ne5 Ba4 24. Bf3 Qb3 25. Ng4 Nd5 26. Nxf6+ Nxf6 27.
Rc1 Rxc1+ 28. Qxc1 Bc6 29. Bxc6 bxc6 30. h3 Qd5 31. Qc3 Qb5 32. Qc2 Nd5 33. b3
h6 34. b4 Nb6 35. Bc1 Qc4 36. Qxc4 Nxc4 37. Kf1 Kf8 38. Ke2 Ke7 39. Kd3 Nb6 40.
Bf4 Kd7 41. Bb8 a6 1/2-1/2

[Event "Mechanics' Fall TNM; 30/90, SD/30"]
[Site "San Francisco"]
[Date "2014.12.02"]
[Round "6.15"]
[White "Steger, Eric"]
[Black "Lin, Aung Tun"]
[Result "1-0"]
[WhiteElo "1989"]
[BlackElo "1689"]
[PlyCount "95"]
[EventDate "2014.??.??"]

1. e4 c5 2. Nf3 Nc6 3. Bb5 a6 4. Bxc6 bxc6 5. O-O d6 6. e5 Bg4 7. h3 Bh5 8.
exd6 Qxd6 9. Nc3 f5 10. d3 Nf6 11. Qe2 Nd7 12. Re1 Ra7 13. Qe3 Bxf3 14. Qxf3 g6
15. Bf4 Qf6 16. Qg3 h6 17. h4 Rh7 18. Rad1 Bg7 19. Bd6 e5 20. Bxe5 Nxe5 21.
Rxe5+ Qxe5 22. Qxg6+ Kf8 23. Qxh7 Qe6 24. h5 Rf7 25. Qg6 Rf6 26. Qg3 f4 27. Qf3
Rf5 28. Ne4 Bxb2 29. Qg4 Qd5 30. c4 Qe5 31. Rb1 Rf7 32. Qc8+ Kg7 33. Qxc6 Qxh5
34. Qxc5 Qe2 35. Qd5 f3 36. Nd6 Rf6 37. Qb7+ Kg6 38. Qe4+ Qxe4 39. Nxe4 Rb6 40.
c5 Rb5 41. c6 Be5 42. Rxb5 axb5 43. d4 Bb8 44. Nc5 Kf7 45. Na6 Bd6 46. c7 Bxc7
47. Nxc7 b4 48. Nd5 1-0

[Event "Mechanics' Winter TNM; 30/90, SD/30"]
[Site "San Francisco"]
[Date "2014.02.18"]
[Round "7.11"]
[White "Steger, Eric"]
[Black "MacIntyre, Brendan"]
[Result "0-1"]
[WhiteElo "1937"]
[BlackElo "1688"]
[PlyCount "75"]
[EventDate "2014.??.??"]

1. e4 c5 2. Nf3 Nc6 3. Bb5 g6 4. O-O Bg7 5. Re1 e6 6. Bxc6 dxc6 7. e5 Ne7 8. d3
O-O 9. Nbd2 Qc7 10. a4 b5 11. Nb3 c4 12. dxc4 bxc4 13. Nbd4 a5 14. Bg5 Nd5 15.
Qd2 Ba6 16. Bh6 c5 17. Bxg7 Kxg7 18. Nb5 Bxb5 19. axb5 Rfb8 20. Re4 Ne7 21. Qg5
h6 22. Qf6+ Kg8 23. Rxc4 Rxb5 24. b3 Nd5 25. Qh4 Kg7 26. h3 Rb4 27. Re4 Qb7 28.
c4 Ne7 29. Qf6+ Kg8 30. Rf4 Nf5 31. g4 Ng7 32. Nd2 {Diagram #} Ne8 $1 33. Qh4
g5 34. Qxh6 gxf4 35. Qxf4 a4 $6 (35... Qe7 36. Ne4 Rxb3 $19) 36. Ne4 Rxb3 $2 (
36... Kh7) 37. Qg5+ Kf8 38. Rd1 $4 (38. Qh6+ Ke7 39. Qg5+ Kf8 (39... Kd7 40.
Nxc5+) 40. Qh6+ $11) 0-1

[Event "Mechanics' Winter TNM; 30/90, SD/30"]
[Site "San Francisco"]
[Date "2014.01.14"]
[Round "2.13"]
[White "Steger, Eric"]
[Black "Rosenstein, Perry"]
[Result "1-0"]
[WhiteElo "1937"]
[BlackElo "1546"]
[PlyCount "83"]
[EventDate "2014.??.??"]

1. e4 c5 2. Nf3 e6 3. Nc3 a6 4. g3 Nc6 5. Bg2 Nf6 6. O-O Be7 7. d4 cxd4 8. Nxd4
Qb6 9. Nb3 O-O 10. Be3 Qc7 11. f4 d6 12. g4 Rd8 13. g5 Ne8 14. Qh5 Nb4 15. Rac1
d5 16. a3 d4 17. Bxd4 Nc6 18. Be3 Nd6 19. Rf3 e5 20. Nd5 g6 21. Nxc7 gxh5 22.
Nxa8 Bg4 23. Nb6 Bxf3 24. Bxf3 exf4 25. Bxf4 h4 26. Nd5 Kh8 27. Nxe7 Nxe7 28.
Be5+ Kg8 29. Bf6 Re8 30. Rd1 Nc4 31. Nc5 Ng6 32. Nd7 Nf4 33. Bd4 Nh3+ 34. Kg2
Nf4+ 35. Kf1 Rc8 36. Nf6+ Kf8 37. Nxh7+ Kg8 38. Nf6+ Kf8 39. Nd7+ Kg8 40. Ne5
h3 41. Nxc4 Rxc4 42. c3 1-0